A report of progress, 1921-1928, (Record no. 20970)

MARC details
000 -LEADER
fixed length control field 01127cam a22002411 4500
001 - CONTROL NUMBER
control field e 29000204
003 - CONTROL NUMBER IDENTIFIER
control field DLC
005 - DATE AND TIME OF LATEST TRANSACTION
control field 20260227111219.0
008 - FIXED-LENGTH DATA ELEMENTS--GENERAL INFORMATION
fixed length control field 790915s1929 nyucf 000 0 eng c
010 ## - LIBRARY OF CONGRESS CONTROL NUMBER
LC control number e 29000204
035 ## - SYSTEM CONTROL NUMBER
System control number (OCoLC)5377944
040 ## - CATALOGING SOURCE
Original cataloging agency Library, U.S. Office of Education
Transcribing agency OCl
Modifying agency OCoLC
-- DLC
050 00 - LIBRARY OF CONGRESS CALL NUMBER
Classification number L182
Item number .C7 1928
110 2# - MAIN ENTRY--CORPORATE NAME
Corporate name or jurisdiction name as entry element University of the State of New York.
245 02 - TITLE STATEMENT
Title A report of progress, 1921-1928,
Statement of responsibility, etc. by the Board of regents of the University of the state of New York and the State education department.
260 ## - PUBLICATION, DISTRIBUTION, ETC.
Place of publication, distribution, etc. Albany,
Name of publisher, distributor, etc. The University of the state of New York press,
Date of publication, distribution, etc. 1929.
300 ## - PHYSICAL DESCRIPTION
Extent 2 p. l., 77-34 p.
Other physical details pl., 2 port.
Dimensions 26 cm.
500 ## - GENERAL NOTE
General note Cover-title.
500 ## - GENERAL NOTE
General note "Presented by Chancellor Chester S. Lord at a dinner given by the Board of regents upon the completion of the seventh year of the service of Dr. Frank Pierrepont Graves as commissioner of education and president of the University of the state of New York."
610 20 - SUBJECT ADDED ENTRY--CORPORATE NAME
Corporate name or jurisdiction name as entry element University of the State of New York.
650 #0 - SUBJECT ADDED ENTRY--TOPICAL TERM
Topical term or geographic name entry element Education
Geographic subdivision New York (State)
700 1# - ADDED ENTRY--PERSONAL NAME
Personal name Lord, Chester Sanders,
Dates associated with a name 1850-1933.

No items available.

Powered by Koha